000 00481nam a22001817a 4500
005 20221107164103.0
008 221107b ||||| |||| 00| 0 eng d
040 _cAL
041 _aeng
082 _223
_a001.05
_bBHAB
100 _aBharatiya Vidya Bhavan
_961296
245 _aBhavans journal
260 _aMumbai
_bBharatiya Vidya Bhavan
_c2002
300 _a266p.
_bPB
_c20x18cm.
650 _aMagazine
_961297
700 _aBHARATIYA VIDYA BHAVAN
_961298
942 _2ddc
_cGF
999 _c225053
_d225053